Welcome to CU Library Online Public Access Catalogue (OPAC)

Effective Computer Management in Food and Nutrition Services (Record no. 8136)

MARC details
000 -LEADER
fixed length control field 00456nam a22001457a 4500
005 - DATE AND TIME OF LATEST TRANSACTION
control field 20251106143132.0
008 - FIXED-LENGTH DATA ELEMENTS--GENERAL INFORMATION
fixed length control field 251106b |||||||| |||| 00| 0 eng d
020 ## - INTERNATIONAL STANDARD BOOK NUMBER
International Standard Book Number 0834200333
050 ## - LIBRARY OF CONGRESS CALL NUMBER
Classification number TX911.3
Item number .E9
245 ## - TITLE STATEMENT
Title Effective Computer Management in Food and Nutrition Services
Statement of responsibility, etc. edited by Faisal A. Kaud
260 ## - PUBLICATION, DISTRIBUTION, ETC.
Place of publication, distribution, etc. Rockville, Maryland
Name of publisher, distributor, etc. Aspen Publishers
Date of publication, distribution, etc. 1989
300 ## - PHYSICAL DESCRIPTION
Extent xiii. 328p.
Other physical details ill.
Dimensions 23.5cm
700 ## - ADDED ENTRY--PERSONAL NAME
Personal name Kaud, Faisal A.
942 ## - ADDED ENTRY ELEMENTS (KOHA)
Source of classification or shelving scheme Library of Congress Classification
Koha item type Books
Suppress in OPAC No
999 ## -
-- 8136
-- 8136
Holdings
Withdrawn status Lost status Source of classification or shelving scheme Damaged status Not for loan Collection Home library Current library Shelving location Date acquired Total checkouts Full call number Barcode Date last seen Copy number Price effective from Koha item type
    Library of Congress Classification     Non-fiction Science Library (Miotso) Science Library (Miotso) General stacks 11/06/2025   TX911.3 .E9 EFF SLM00005557 11/06/2025 1 11/06/2025 Books
    Library of Congress Classification     Non-fiction Science Library (Miotso) Science Library (Miotso) General stacks 11/06/2025   TX911.3 .E9 EFF SLM00005558 11/06/2025 2 11/06/2025 Books
    Library of Congress Classification     Non-fiction Science Library (Miotso) Science Library (Miotso) General stacks 11/06/2025   TX911.3 .E9 EFF SLM00005559 11/06/2025 3 11/06/2025 Books
    Library of Congress Classification     Non-fiction Science Library (Miotso) Science Library (Miotso) General stacks 11/06/2025   TX911.3 .E9 EFF SLM00005560 11/06/2025 4 11/06/2025 Books
    Library of Congress Classification     Non-fiction Science Library (Miotso) Science Library (Miotso) General stacks 11/06/2025   TX911.3 .E9 EFF SLM00005561 11/06/2025 5 11/06/2025 Books
    Library of Congress Classification     Non-fiction Science Library (Miotso) Science Library (Miotso) General stacks 11/06/2025   TX911.3 .E9 EFF SLM00005562 11/06/2025 6 11/06/2025 Books
© 2023-2024 Copyright: Central University Libraries. All Rights Reserved | Created by: Mahone Tech Office